The Biggest Cities in Veneto - Statistics

General Stats
  • This quiz has been taken 50 times
  • The average score is 47 of 134
Answer Stats
Inhabitants Province City % Correct
35,487 Belluno Belluno
95%
207,301 Padova Padova
95%
85,282 Treviso Treviso
95%
250,369 Venezia Venezia
95%
255,643 Verona Verona
95%
110,830 Vicenza Vicenza
93%
50,099 Rovigo Rovigo
88%
47,570 Venezia Chioggia
80%
42,434 Vicenza Bassano del Grappa
78%
26,861 Venezia Jesolo
75%
33,103 Treviso Castelfranco Veneto
68%
17,185 Padova Monselice
68%
20,350 Padova Abano Terme
65%
18,581 Rovigo Adria
65%
37,618 Venezia Mira
65%
24,356 Venezia Portogruaro
65%
11,096 Venezia Caorle
63%
34,445 Treviso Conegliano
63%
27,217 Treviso Vittorio Veneto
63%
27,144 Padova Albignasego
60%
27,107 Venezia Mirano
60%
41,883 Venezia San Donà di Piave
60%
38,848 Vicenza Schio
60%
20,058 Padova Cittadella
58%
14,926 Venezia Dolo
58%
20,468 Belluno Feltre
55%
16,183 Venezia Noale
55%
11,007 Verona Peschiera del Garda
55%
23,961 Vicenza Thiene
53%
31,281 Treviso Montebelluna
50%
32,993 Verona Villafranca di Verona
50%
25,603 Vicenza Arzignano
48%
11,853 Padova Camposampiero
48%
11,984 Venezia Eraclea
48%
21,244 Venezia Martellago
48%
27,922 Treviso Mogliano Veneto
48%
20,207 Treviso Oderzo
48%
19,111 Venezia Scorzè
48%
15,937 Padova Este
45%
17,725 Venezia Marcon
45%
22,147 Treviso Paese
45%
27,720 Venezia Spinea
43%
12,272 Venezia Cavarzere
40%
14,033 Vicenza Marostica
40%
12,991 Padova Trebaseleghe
40%
23,284 Padova Vigonza
40%
10,209 Rovigo Badia Polesine
38%
11,400 Padova Noventa Padovana
38%
21,498 Verona San Bonifacio
38%
23,591 Vicenza Montecchio Maggiore
35%
20,166 Padova Piove di Sacco
35%
11,643 Treviso Zero Branco
35%
25,615 Verona Legnago
33%
11,470 Padova Montegrotto Terme
33%
14,662 Vicenza Rosà
33%
17,014 Padova Rubano
33%
20,874 Verona Bussolengo
30%
15,084 Padova Campodarsego
30%
13,246 Venezia Cavallino-Treporti
30%
16,808 Treviso Preganziol
30%
10,944 Treviso Riese Pio X
30%
16,402 Verona San Martino Buon Albergo
30%
13,256 Padova San Martino di Lupari
30%
11,347 Venezia San Michele al Tagliamento
28%
12,350 Treviso Spresiano
28%
13,181 Padova Vigodarzere
28%
13,000 Venezia Camponogara
25%
15,258 Vicenza Cassola
25%
13,244 Verona Castelnuovo del Garda
25%
11,817 Padova Mestrino
25%
10,702 Treviso Motta di Livenza
25%
13,203 Padova Ponte San Nicolò
25%
10,058 Treviso Quinto di Treviso
25%
12,813 Venezia Salzano
25%
25,295 Verona San Giovanni Lupatoto
25%
17,380 Venezia Santa Maria di Sala
25%
10,488 Treviso Silea
25%
11,747 Treviso Susegana
25%
17,610 Treviso Villorba
25%
15,676 Verona Zevio
25%
13,092 Treviso Casale sul Sile
23%
16,915 Verona Cerea
23%
15,992 Vicenza Lonigo
23%
11,123 Padova Piazzola sul Brenta
23%
11,595 Treviso Pieve di Soligo
23%
14,638 Treviso Roncade
23%
25,765 Vicenza Valdagno
23%
10,050 Treviso Volpago del Montello
23%
11,814 Vicenza Altavilla Vicentina
20%
15,806 Padova Cadoneghe
20%
13,610 Vicenza Dueville
20%
16,508 Verona Negrar di Valpolicella
20%
12,208 Venezia Pianiga
20%
13,757 Rovigo Porto Viro
20%
14,193 Vicenza Romano d'Ezzelino
20%
22,908 Padova Selvazzano Dentro
20%
11,769 Vicenza Torri di Quartesolo
20%
10,572 Padova Villafranca Padovana
20%
16,164 Verona Bovolone
18%
11,348 Vicenza Caldogno
18%
11,219 Treviso Carbonera
18%
11,436 Treviso Casier
18%
10,020 Padova Conselve
18%
14,740 Vicenza Malo
18%
17,521 Verona Pescantina
18%
10,132 Padova San Giorgio delle Pertiche
18%
10,150 Belluno Sedico
18%
10,723 Treviso Trevignano
18%
16,096 Verona Valeggio sul Mincio
18%
16,543 Treviso Vedelago
18%
11,165 Vicenza Camisano Vicentino
15%
11,207 Vicenza Creazzo
15%
11,637 Verona Isola della Scala
15%
11,417 Venezia Musile di Piave
15%
12,681 Treviso San Biagio di Callalta
15%
12,728 Venezia Santo Stino di Livenza
15%
14,437 Verona Sommacampagna
15%
10,740 Venezia Campolongo Maggiore
13%
10,255 Venezia Concordia Sagittaria
13%
11,460 Rovigo Lendinara
13%
12,999 Treviso Ponzano Veneto
13%
10,542 Padova Saonara
13%
12,938 Vicenza Tezze sul Brenta
13%
10,308 Verona Vigasio
13%
12,095 Verona Castel d'Azzano
10%
10,336 Vicenza Isola Vicentina
10%
12,059 Rovigo Occhiobello
10%
12,540 Vicenza Chiampo
8%
11,690 Vicenza Cornedo Vicentino
8%
10,718 Verona Grezzana
8%
17,602 Verona Sona
8%
10,388 Verona Oppeano
5%
11,908 Verona Sant'Ambrogio di Valpolicella
3%
13,000 Verona San Pietro in Cariano
0%
No matching quizzes found
Score Distribution
Percent of People with Each Score
Percentile by Number Answered
Your Score History
You have not taken this quiz